|
|
|
|
| LEADER |
00000cam a2200000 i 4500 |
| 001 |
1/87523 |
| 008 |
980327s1991 gr | ||| |||| ||gre|| |
| 020 |
|
|
|a 9607023188
|
| 035 |
|
|
|a 1998
|b 1
|c ΚΠΣ/Δημοτικής Εκπαίδευσης
|l 10035263
|
| 040 |
|
|
|a GR-MY-UA
|b gre
|e aacr
|
| 041 |
1 |
|
|a gre
|h eng
|
| 082 |
7 |
|
|a 574.999
|2 (22)
|
| 100 |
1 |
|
|a McDonough, Thomas R.
|
| 245 |
1 |
0 |
|a SETI έρευνα για εξωγήινη νοημοσύνη :
|b η αναζήτηση ζωής στο σύμπαν /
|c Donald R. McDonough ; μετάφραση: Παναγιώτης Τραυλός.
|
| 260 |
|
|
|a Αθήνα :
|b Κάτοπτρο,
|c 1991.
|
| 300 |
|
|
|a 369 σ. :
|b εικ. ;
|c 21 εκ.
|
| 500 |
|
|
|a Τίτλος πρωτοτύπου: The search for extraterrestial intelligence.
|
| 650 |
0 |
0 |
|a Life on other planets.
|
| 700 |
1 |
|
|a Τραυλός, Παναγιώτης,
|e trl
|
| 852 |
|
|
|a INST
|b RHODES
|e 19980327
|h 574.999 MCD
|p 005400010871
|q 005400010871
|t BK
|y 0
|
| 901 |
|
|
|a BIBL-1998-1
|
| 909 |
|
|
|a Ρ
|b 053164
|
| 970 |
|
|
|z 27/03/1998
|